000 01015nam a2200229Ia 4500
003 IN-BaIIA
008 211028s9999 xx 000 0 eng d
020 _a0-521-41351-6
040 _cIIA Library
080 _a524.6-77(082.2)
_bVAR
111 _aConference in Honour of the 100th Anniversary of the Birth of Academician Yrjo Vaisala
_cFinland
_d1991 Jan. 6-10
_918170
245 0 _aVariability of blazars
_bproceedings of a conference in honour of the 100th anniversary of the birth of academician Yrjo Vaisala held in Tuorla Observatory,University of Turku, Finland, 6-10 Jan1991
_cedited by Esko Valtaoja and Valtonen, Mauri. ed
260 _aCambridge
_bCambridge University Press
_c1992
300 _a465p.
650 _aActive galactic nuclei
_96209
650 _aAstronomy and astrophysics thesaurus
650 _aBlazars
_918171
650 _aQuasars
_91096
700 _aValtaoja, Esko, ed.
_918172
700 _aValtonen, Mauri, Ed.
_918173
942 _cBK
999 _c10652
_d10652